000 00913nac a22002771i 4500
003 EG-ScBUE
005 20240922130816.0
008 240922t1998 njua f b 001 0 eng d
020 _a0138493081
020 _a9780138493080
040 _aEG-ScBUE
_beng
_erda
_cEG-ScBUE
_dEG-ScBUE
082 0 4 _a512.5
_bLEO
_222
100 1 _aLeon, Steven J.,
_eauthor.
245 1 0 _aLinear algebra with applications /
_cSteven J. Leon, University of Massachusetts Dartmouth.
250 _aFifth edition.
264 1 _aUpper Saddle River, N.J. :
_bPrentice Hall,
_c[1998]
264 4 _cc1998
300 _axiv, 491 pages :
_billustrations ;
_c25 cm
336 _2rdacontent
_atext
_btxt
337 _aunmediated
_2rdamedia
_bn
338 _avolume
_bnc
_2rdacarrier
504 _aIncludes bibliographical references and index.
650 7 _aAlgebras, Linear.
_2BUEsh
655 _vReading book
942 _cBB
_2ddc
999 _c1358
_d1358